Trendy efektivnosti staveb zpracovatelského průmyslu.
Analýza výsledkov posudzovaných priemyselných stavieb s obdobnými alebo vzorovými stavbami za obdobie šiestich rokov. Prepočet ukazovateľov ekonomickej efektívnosti, výpis o logických chybách a orientačné hodnotenie ekonomickej efektívnosti podľa vybraných ukazovateľov. Odvodzovanie tendencií vývoja...
Salvato in:
| Autore principale: | |
|---|---|
| Altri autori: | |
| Natura: | Capitolo di libro |
| Lingua: | ceco |
| Soggetti: | |
| Tags: |
Nessun Tag, puoi essere il primo ad aggiungerne!!
|
MARC
| LEADER | 00000naa a2200000 4500 | ||
|---|---|---|---|
| 001 | r005643 | ||
| 005 | 20220819181158.2 | ||
| 041 | 0 | |a cze | |
| 044 | |a [CS] | ||
| 245 | 1 | 0 | |a Trendy efektivnosti staveb zpracovatelského průmyslu. |c J. Mlčoch, Z. Stárek |
| 520 | |a Analýza výsledkov posudzovaných priemyselných stavieb s obdobnými alebo vzorovými stavbami za obdobie šiestich rokov. Prepočet ukazovateľov ekonomickej efektívnosti, výpis o logických chybách a orientačné hodnotenie ekonomickej efektívnosti podľa vybraných ukazovateľov. Odvodzovanie tendencií vývoja ukazovateľov, charakterizujúcich kladné posúdené stavby spracovateľského priemyslu v ČSFR. | ||
| 610 | 2 | 0 | |a efektívnosť ekonomická |
| 610 | 2 | 0 | |a stavby |
| 610 | 2 | 0 | |a priemysel spracovateľský |
| 610 | 2 | 0 | |a ukazovatele ekonomické |
| 610 | 2 | 0 | |a údaje štatistické |
| 100 | 1 | |a Mlčoch, J. | |
| 700 | 1 | |a Stárek, Z. | |